[Event "Berlin Lichtenberger op 10th"]
[Site "Berlin"]
[Date "2011.08.21"]
[Round "9"]
[White "Mako, Atila"]
[Black "Mayer, Herbert"]
[Result "0-1"]
[WhiteElo "1702"]
[BlackElo "1948"]
[PlyCount "88"]
[EventDate "2011.08.13"]
[EventType "swiss"]
[EventRounds "9"]
[EventCountry "GER"]
[SourceTitle "CBM 143 Extra"]
[Source "ChessBase"]
[SourceDate "2011.08.29"]
[SourceVersion "1"]
[SourceVersionDate "2011.08.29"]
[SourceQuality "1"]

1. d4 d5 2. Bf4 Nf6 3. e3 g6 4. Bd3 Bg7 5. h3 0-0 6. Nf3 c5 7. c3 c4 8. Bc2 Nc6 9. 0-0 Nd7 10. Nbd2 e5 11. Bg3 e4 12. Nh2 Re8 13. Qe2 b5 14. a3 Nf6 15. Bh4 Qc7 16. Bg3 Qd7 17. f3 Nh5 18. Bf2 exf3 19. Qxf3 f5 20. b3 Qd6 21. a4 bxa4 22. bxc4 dxc4 23. Nxc4 Qc7 24. Bxa4 Bd7 25. g4 fxg4 26. hxg4 Nf6 27. Bg3 Qd8 28. Bxc6 Bxc6 29. Qxc6 Rc8 30. Qa6 Ne4 31. Be5 Bxe5 32. Nxe5 Qh4 33. Qa2+ Kh8 34. Rf3 Rf8 35. Qg2 Ng5 36. Rxf8+ Rxf8 37. Rf1 Nh3+ 38. Kh1 Nf2+ 39. Rxf2 Rxf2 40. Qa8+ Kg7 41. Qb7+ Kg8 42. Qc8+ Rf8 43. Qc4+ Kh8 44. Kg2 Qf2+ 0-1

[Event "Berlin Lichtenberger op 10th"]
[Site "Berlin"]
[Date "2011.08.18"]
[Round "6"]
[White "Stiefel, Marika"]
[Black "Mako, Atila"]
[Result "0-1"]
[WhiteElo "1772"]
[BlackElo "1702"]
[PlyCount "84"]
[EventDate "2011.08.13"]
[EventType "swiss"]
[EventRounds "9"]
[EventCountry "GER"]
[SourceTitle "CBM 143 Extra"]
[Source "ChessBase"]
[SourceDate "2011.08.29"]
[SourceVersion "1"]
[SourceVersionDate "2011.08.29"]
[SourceQuality "1"]

1. f4 Nf6 2. Nf3 g6 3. b3 Bg7 4. Bb2 c5 5. Nc3 e6 6. e3 Nc6 7. Bb5 a6 8. Bxc6 bxc6 9. Ne5 Bb7 10. Qf3 Rb8 11. Ne4 Nxe4 12. Qxe4 d5 13. Qa4 Qb6 14. Nd7 Kxd7 15. Bxg7 Rhg8 16. Be5 Rbe8 17. c4 Ke7 18. d4 f6 19. dxc5 Qxc5 20. Bd4 Qd6 21. b4 Kf7 22. c5 Qe7 23. Bc3 g5 24. Qc2 Kf8 25. g3 Bc8 26. Rf1 g4 27. Qb2 Rg6 28. a4 Bd7 29. b5 Kf7 30. b6 Qxc5 31. b7 Qxe3+ 32. Qe2 Qxc3+ 33. Kf2 Rh6 34. Kg1 Qd4+ 35. Kh1 Qe4+ 36. Qxe4 dxe4 37. Rfd1 Ke7 38. Rab1 Rb8 39. Rb6 Rh5 40. Rdb1 Ra5 41. R1b4 f5 42. Rc4 c5 0-1

[Event "Berlin Lichtenberger op 10th"]
[Site "Berlin"]
[Date "2011.08.14"]
[Round "2"]
[White "Yuan, Yizheng"]
[Black "Mako, Atila"]
[Result "1-0"]
[WhiteElo "1889"]
[BlackElo "1702"]
[PlyCount "37"]
[EventDate "2011.08.13"]
[EventType "swiss"]
[EventRounds "9"]
[EventCountry "GER"]
[SourceTitle "CBM 143 Extra"]
[Source "ChessBase"]
[SourceDate "2011.08.29"]
[SourceVersion "1"]
[SourceVersionDate "2011.08.29"]
[SourceQuality "1"]

1. e4 d6 2. d4 Nf6 3. Nc3 g6 4. Be3 Bg7 5. f3 0-0 6. Qd2 Re8 7. 0-0-0 c6 8. Bh6 Nbd7 9. h4 b5 10. h5 Nf8 11. hxg6 fxg6 12. Bxg7 Kxg7 13. Qh6+ Kh8 14. e5 Ng8 15. Qh2 Be6 16. Ne4 Bf5 17. Ng5 Kg7 18. g4 e6 19. Qxh7+ 1-0

[Event "Berlin Lichtenberger op 10th"]
[Site "Berlin"]
[Date "2011.08.13"]
[Round "1"]
[White "Mako, Atila"]
[Black "Krefenstein, Sergej"]
[Result "0-1"]
[WhiteElo "1702"]
[BlackElo "2031"]
[PlyCount "104"]
[EventDate "2011.08.13"]
[EventType "swiss"]
[EventRounds "9"]
[EventCountry "GER"]
[SourceTitle "CBM 143 Extra"]
[Source "ChessBase"]
[SourceDate "2011.08.29"]
[SourceVersion "1"]
[SourceVersionDate "2011.08.29"]
[SourceQuality "1"]

1. d4 e6 2. Bf4 Nf6 3. Nf3 b6 4. e3 Bb7 5. Nc3 Bb4 6. Bd3 Nd5 7. 0-0 Bxc3 8. bxc3 Nxc3 9. Qe1 Ne4 10. c4 0-0 11. a4 d6 12. Qb1 f5 13. h3 Nd7 14. Qb3 Qe7 15. Bxe4 Bxe4 16. Nd2 Bc6 17. Rfe1 Kh8 18. Qd3 e5 19. Bg3 Qg5 20. e4 f4 21. Nf3 Qg6 22. Bh2 exd4 23. Qxd4 Nc5 24. Nh4 Qg5 25. Nf3 Qh5 26. a5 Nb3 27. Qc3 Nxa1 28. Nd2 Qxa5 29. Qxa5 bxa5 30. Rxa1 a4 31. f3 Rab8 32. Kf2 Rb2 33. Ke2 Rf6 34. Rb1 a3 35. Rxb2 axb2 36. Bg1 Rg6 37. Kf1 Rg5 38. Bd4 Ra5 39. Bxb2 Ra2 40. Bc3 Kg8 41. Kf2 Kf7 42. Ke2 g5 43. Kd3 Ke6 44. Bg7 a5 45. h4 gxh4 46. Bh6 a4 47. Bxf4 a3 48. Be3 Ba4 49. Bd4 c5 50. Bc3 Rc2 51. f4 a2 52. Bh8 Rc1 0-1

[Event "Berlin Eckbauer op 13th"]
[Site "Berlin"]
[Date "2010.09.27"]
[Round "3.16"]
[White "Mako, Atila"]
[Black "Rohrbach, Stephan"]
[Result "0-1"]
[WhiteElo "1747"]
[BlackElo "1892"]
[PlyCount "94"]
[EventDate "2010.09.13"]
[EventType "swiss"]
[EventRounds "7"]
[EventCountry "GER"]
[SourceTitle "EXT 2022"]
[Source "ChessBase"]
[SourceDate "2021.10.06"]
[SourceVersion "1"]
[SourceVersionDate "2021.10.06"]
[SourceQuality "1"]

1. d4 e6 2. Bf4 d5 3. Nf3 c5 4. e3 Nc6 5. c3 Qb6 6. Qc2 Bd7 7. Nbd2 Rc8 8. Be2 cxd4 9. exd4 Nge7 10. a3 h6 11. 0-0 g5 12. Be3 f5 13. Nb3 f4 14. Bd2 Nf5 15. h3 Rg8 16. Qd3 Qxb3 17. Bd1 Qc4 18. Qb1 Kd8 19. Re1 Qa6 20. b4 Qb6 21. Bc2 Bd6 22. Bd3 h5 23. Re2 Nfe7 24. Qe1 g4 25. hxg4 hxg4 26. Ne5 Bxe5 27. dxe5 f3 28. Re3 Be8 29. b5 Na5 30. c4 Nb3 31. Bb4 Qc7 32. Bd6 Qd7 33. Rb1 Nc5 34. Bf1 Nf5 35. cxd5 exd5 36. b6 Nxd6 37. exd6 Qxd6 38. Qa5 a6 39. Rbe1 Rh8 40. Re5 g3 41. Qd2 gxf2+ 42. Kxf2 Qxb6 43. Qg5+ Kc7 44. Qg7+ Kb8 45. Qxh8 Ne4+ 46. Kxf3 Qf2+ 47. Kg4 Bd7+ 0-1

[Event "Berlin Eckbauer op 13th"]
[Site "Berlin"]
[Date "2010.09.20"]
[Round "2.34"]
[White "Lippianowski, Stefan"]
[Black "Mako, Atila"]
[Result "0-1"]
[WhiteElo "1301"]
[BlackElo "1747"]
[PlyCount "96"]
[EventDate "2010.09.13"]
[EventType "swiss"]
[EventRounds "7"]
[EventCountry "GER"]
[SourceTitle "EXT 2022"]
[Source "ChessBase"]
[SourceDate "2021.10.06"]
[SourceVersion "1"]
[SourceVersionDate "2021.10.06"]
[SourceQuality "1"]

1. e4 c6 2. Bc4 d5 3. exd5 cxd5 4. Bb5+ Nc6 5. Ne2 e5 6. c3 Qb6 7. a4 a6 8. Bxc6+ bxc6 9. d4 Bd6 10. b4 Nf6 11. a5 Qd8 12. 0-0 e4 13. Bf4 0-0 14. Bxd6 Qxd6 15. h3 Ne8 16. Qd2 f5 17. Qf4 Rf6 18. Qxd6 Nxd6 19. Nd2 Ra7 20. Nb3 Re7 21. Nc5 f4 22. Rfe1 Nf5 23. Nxf4 Nxd4 24. Nxd5 cxd5 25. cxd4 Bf5 26. Rac1 Rg6 27. Nb3 Bxh3 28. Kh2 Bg4 29. Rc5 Rd6 30. f3 Bf5 31. g4 Bg6 32. Rc8+ Kf7 33. Rf1 e3 34. Nc1 Rb7 35. f4 Be4 36. f5 Rxb4 37. Rc7+ Kf8 38. Rc8+ Ke7 39. Rc7+ Rd7 40. Rc6 Rb2+ 41. Kg3 Rg2+ 42. Kf4 Rf2+ 43. Kg3 Rxf1 44. Ne2 Rf3+ 45. Kh4 Bd3 46. Re6+ Kf7 47. Ng3 Rxg3 48. Kxg3 Re7 0-1

[Event "Berlin Lichtenberger op 9th"]
[Site "Berlin"]
[Date "2010.08.11"]
[Round "5"]
[White "Mako, Atila"]
[Black "Fuchs, Joerg"]
[Result "0-1"]
[WhiteElo "1747"]
[BlackElo "1873"]
[PlyCount "132"]
[EventDate "2010.08.07"]
[EventType "swiss"]
[EventRounds "9"]
[EventCountry "GER"]
[SourceTitle "CBM 137 Extra"]
[Source "ChessBase"]
[SourceDate "2010.09.01"]
[SourceVersion "1"]
[SourceVersionDate "2010.09.01"]
[SourceQuality "1"]

1. d4 f5 2. Bf4 Nf6 3. c4 e6 4. Nc3 Be7 5. e3 0-0 6. Bd3 d6 7. Nge2 Qe8 8. Ng3 Nc6 9. Be2 e5 10. dxe5 dxe5 11. Bg5 f4 12. exf4 exf4 13. Bxf4 Bb4 14. 0-0 Bxc3 15. bxc3 Qf7 16. Be3 Be6 17. c5 Bxa2 18. Bf3 Bc4 19. Re1 Rfd8 20. Qc2 a5 21. Ne4 Nxe4 22. Bxe4 g6 23. Bg5 Bb3 24. Qe2 Re8 25. Qg4 a4 26. Re3 Ne5 27. Qe2 Bc4 28. Qd1 c6 29. Qc2 a3 30. f4 Ng4 31. Rf3 Qe6 32. Bd3 Bxd3 33. Qxd3 a2 34. h3 Nf6 35. f5 Qe2 36. Qxe2 Rxe2 37. Bxf6 Rb2 38. Rff1 Rf8 39. Bd4 gxf5 40. Kh2 f4 41. Rf2 Rxf2 42. Bxf2 Ra8 43. Bd4 Kf7 44. Be5 Ke6 45. Bxf4 Kd5 46. Be3 Kc4 47. Bd4 Kb3 48. Kg1 Kb2 49. c4+ Kc2 50. g4 Kd3 51. Bb2 Kxc4 52. Rc1+ Kd3 53. Rc3+ Kd2 54. Ba1 Re8 55. Rf3 Kc2 56. h4 Re4 57. Rf2+ Kb1 58. Rf1+ Kc2 59. Kg2 Rxg4+ 60. Kh3 Rb4 61. Kg3 Rb1 62. Kf2 Rxf1+ 63. Kxf1 Kb1 64. Be5 a1Q 65. Bxa1 Kxa1 66. Ke2 Kb2 0-1

[Event "Berlin Eckbauer op 12th"]
[Site "Berlin"]
[Date "2009.09.21"]
[Round "2.25"]
[White "Beckmann, Sonja"]
[Black "Mako, Atila"]
[Result "0-1"]
[WhiteElo "1337"]
[BlackElo "1756"]
[PlyCount "116"]
[EventDate "2009.09.14"]
[EventType "swiss"]
[EventRounds "7"]
[EventCountry "GER"]
[SourceTitle "EXT 2022"]
[Source "ChessBase"]
[SourceDate "2021.10.06"]
[SourceVersion "1"]
[SourceVersionDate "2021.10.06"]
[SourceQuality "1"]

1. e4 Nc6 2. Nf3 e6 3. d4 d5 4. exd5 Qxd5 5. Nc3 Bb4 6. Qd3 Nf6 7. Bd2 Bxc3 8. bxc3 Na5 9. c4 Qh5 10. Be2 Nc6 11. Bf4 Qa5+ 12. Bd2 Qa6 13. 0-0 0-0 14. c3 Rd8 15. Bg5 Ne7 16. Bxf6 gxf6 17. Qe4 c6 18. Bd3 Ng6 19. Qe3 Qa3 20. Bxg6 fxg6 21. Rfb1 Qe7 22. Re1 b6 23. Rad1 a6 24. d5 c5 25. dxe6 Rxd1 26. Rxd1 Qxe6 27. Rd8+ Kf7 28. Qxe6+ Kxe6 29. Kf1 Bb7 30. Rxa8 Bxa8 31. Nd2 Ke5 32. g3 g5 33. Ke2 g4 34. Ke3 f5 35. a3 Bc6 36. f3 h5 37. f4+ Kd6 38. Kd3 Bd7 39. Nf1 b5 40. Nd2 Kc6 41. cxb5+ Kxb5 42. Kc2 c4 43. Kb2 Bc6 44. Nf1 Be4 45. Ne3 Bd3 46. Nd5 Kc5 47. Nf6 Kd6 48. Nxh5 Ke6 49. Ng7+ Kf7 50. Nxf5 Bxf5 51. Kc1 Ke6 52. Kd2 Kd5 53. Ke2 Ke4 54. Kd2 Kf3 55. Ke1 Ke3 56. Kd1 Kd3 57. a4 a5 58. Kc1 Kxc3 0-1

[Event "Berlin Eckbauer op 12th"]
[Site "Berlin"]
[Date "2009.09.14"]
[Round "1.6"]
[White "Mako, Atila"]
[Black "Zschaebitz, Klaus"]
[Result "0-1"]
[WhiteElo "1756"]
[BlackElo "2100"]
[PlyCount "168"]
[EventDate "2009.09.14"]
[EventType "swiss"]
[EventRounds "7"]
[EventCountry "GER"]
[SourceTitle "EXT 2022"]
[Source "ChessBase"]
[SourceDate "2021.10.06"]
[SourceVersion "1"]
[SourceVersionDate "2021.10.06"]
[SourceQuality "1"]

1. d4 e6 2. Bf4 Nf6 3. e3 b6 4. Be2 Bb7 5. Bf3 Bxf3 6. Qxf3 d5 7. Ne2 Nbd7 8. Nbc3 a6 9. a3 b5 10. Ng3 Be7 11. 0-0 h5 12. h3 h4 13. Nge2 Nh5 14. Bh2 f5 15. Nf4 Nxf4 16. exf4 Nf6 17. Rfe1 Kf7 18. Re2 Rh6 19. Rae1 Ne4 20. b4 a5 21. Na2 axb4 22. Nxb4 Bxb4 23. axb4 Ra4 24. Qb3 Qa8 25. Kh1 Ra3 26. Qb2 Qa4 27. f3 Ra2 28. Qb3 Nd6 29. Bg1 Qxb3 30. cxb3 Rxe2 31. Rxe2 Ke7 32. Bf2 Kd7 33. Ra2 Rh8 34. Kg1 Nc8 35. Ra8 c6 36. Kf1 Kc7 37. Ke2 Kb7 38. Ra2 Nb6 39. Kd3 Nd7 40. Ke2 Nb8 41. Ke3 Rh6 42. Ke2 Nd7 43. Kf1 Nf8 44. Kg1 Nh7 45. Be3 Rh5 46. Re2 Nf8 47. Bf2 Kc7 48. Ra2 Kb8 49. Ra6 Kb7 50. Ra2 Ng6 51. Be3 Rh8 52. Kh2 Rf8 53. Kg1 Rg8 54. Kh2 Nf8 55. Bf2 Rh8 56. Be3 Nh7 57. Kg1 Rg8 58. Kh2 g5 59. fxg5 Nxg5 60. Bxg5 Rxg5 61. Re2 Rg6 62. Re1 Kc7 63. Re2 Kd6 64. Kg1 Rg8 65. Kf2 Ra8 66. Ke3 Ra3 67. Rb2 e5 68. dxe5+ Kxe5 69. f4+ Kd6 70. Kd4 Ra1 71. Rf2 Re1 72. Kd3 Re4 73. Kc3 Re3+ 74. Kc2 d4 75. Rd2 Kd5 76. Kb2 Re1 77. Kc2 Rf1 78. Rd3 Rf2+ 79. Kd1 Ke4 80. Rd2 Rxd2+ 81. Kxd2 d3 82. Kd1 Ke3 83. Ke1 d2+ 84. Kd1 Kd3 0-1

[Event "Berlin Lichtenberger op 8th"]
[Site "Berlin"]
[Date "2009.08.16"]
[Round "3"]
[White "Heldt, Ronny"]
[Black "Mako, Atila"]
[Result "1-0"]
[WhiteElo "1112"]
[BlackElo "1756"]
[PlyCount "83"]
[EventDate "2009.08.15"]
[EventType "swiss"]
[EventRounds "9"]
[EventCountry "GER"]
[SourceTitle "CBM 131 Extra"]
[Source "ChessBase"]
[SourceDate "2009.09.03"]
[SourceVersion "2"]
[SourceVersionDate "2009.09.16"]
[SourceQuality "1"]

1. d4 d5 2. c4 c6 3. cxd5 cxd5 4. Nc3 a6 5. Bf4 Bf5 6. e3 e6 7. Nf3 Nf6 8. Bd3 Ne4 9. 0-0 Nc6 10. Bxe4 dxe4 11. Nd2 Nb4 12. Ndxe4 Be7 13. a3 Nd5 14. Nxd5 Bxe4 15. Nc3 Bc6 16. Qd2 0-0 17. Rfd1 Bg5 18. e4 Bxf4 19. Qxf4 f5 20. Qe3 fxe4 21. Nxe4 Qd5 22. f3 h6 23. Nc3 Qh5 24. Qxe6+ Kh8 25. d5 Rae8 26. Qg4 Qxg4 27. fxg4 Bd7 28. h3 Rf6 29. Re1 Ref8 30. Rf1 Rxf1+ 31. Rxf1 Rxf1+ 32. Kxf1 Kg8 33. Ke2 Kf7 34. Kd3 Kf6 35. Kd4 g6 36. Kc5 b5 37. Kb6 Bc8 38. Kc7 Be6 39. dxe6 Kxe6 40. Kb6 Kd6 41. Kxa6 Kc5 42. b4+ 1-0

[Event "Berlin Eckbauer op 11th"]
[Site "Berlin"]
[Date "2008.10.06"]
[Round "5.16"]
[White "Brinckmann, Klaus"]
[Black "Mako, Atila"]
[Result "1-0"]
[WhiteElo "1733"]
[BlackElo "1794"]
[PlyCount "125"]
[EventDate "2008.09.08"]
[EventType "swiss"]
[EventRounds "6"]
[EventCountry "GER"]
[SourceTitle "EXT 2022"]
[Source "ChessBase"]
[SourceDate "2021.10.06"]
[SourceVersion "1"]
[SourceVersionDate "2021.10.06"]
[SourceQuality "1"]

1. d4 Nf6 2. Nc3 d5 3. Bg5 e6 4. e4 Be7 5. e5 Ng8 6. Bxe7 Nxe7 7. Bd3 Nbc6 8. Qg4 Ng6 9. Bxg6 hxg6 10. h4 Bd7 11. 0-0-0 Qe7 12. f4 0-0-0 13. Nf3 Qe8 14. Qh3 Qe7 15. g4 Na5 16. g5 Nc4 17. Nd2 Na5 18. Qd3 Kb8 19. Rh3 Rc8 20. Rdh1 Rh7 21. h5 Rch8 22. hxg6 Rxh3 23. Rxh3 Rxh3 24. Qxh3 fxg6 25. Qh8+ Be8 26. a3 Nc6 27. Nb3 b6 28. Ne2 Kb7 29. c3 a5 30. Kd2 Na7 31. Ke3 Bb5 32. Nd2 Qf7 33. Ng3 Nc8 34. b3 a4 35. c4 dxc4 36. bxc4 Bc6 37. Qh3 Qe7 38. Nb1 Bd7 39. Qh1+ Ka7 40. Qe4 Qe8 41. d5 Ne7 42. Nc3 Nf5+ 43. Nxf5 gxf5 44. Qd4 Qh5 45. Kd2 Qe8 46. c5 bxc5 47. Qxc5+ Kb7 48. d6 cxd6 49. exd6 Qc8 50. Qb4+ Ka7 51. Nxa4 Qc6 52. Qc5+ Kb7 53. Qb4+ Qb5 54. Nc5+ Kc8 55. Qxb5 Bxb5 56. Nxe6 g6 57. Nf8 Kd8 58. Nxg6 Kd7 59. Ne7 Ke6 60. g6 Kf6 61. Kc3 Bd7 62. Kb4 Ke6 63. Nxf5 1-0

[Event "Berlin Eckbauer op 11th"]
[Site "Berlin"]
[Date "2008.09.29"]
[Round "4.14"]
[White "Mako, Atila"]
[Black "Busch, Klaus1111"]
[Result "0-1"]
[WhiteElo "1794"]
[BlackElo "1800"]
[PlyCount "138"]
[EventDate "2008.09.08"]
[EventType "swiss"]
[EventRounds "6"]
[EventCountry "GER"]
[SourceTitle "EXT 2022"]
[Source "ChessBase"]
[SourceDate "2021.10.06"]
[SourceVersion "1"]
[SourceVersionDate "2021.10.06"]
[SourceQuality "1"]

1. d4 c5 2. e3 g6 3. Bc4 Bg7 4. Bd2 d5 5. Bb5+ Bd7 6. Bxd7+ Nxd7 7. Bc3 Ngf6 8. Nd2 0-0 9. Nb3 Ne4 10. Ne2 c4 11. Nd2 Nxc3 12. Nxc3 Qa5 13. Ne2 e5 14. c3 e4 15. b4 Qc7 16. Nf4 Nf6 17. a4 Bh6 18. Nh3 Nd7 19. Qg4 f5 20. Qh4 Kg7 21. Ng5 Bxg5 22. Qxg5 h6 23. Qh4 Nf6 24. Qh3 Rf7 25. g3 Re8 26. Qg2 Kh7 27. h3 Rg7 28. Nf1 Kg8 29. Nh2 g5 30. Kd2 Qe7 31. Qf1 b6 32. a5 Kh8 33. Ra2 Reg8 34. Qe2 Qd6 35. Rg1 f4 36. Ng4 f3 37. Qd1 Nxg4 38. hxg4 Qe6 39. Rh1 Rh7 40. axb6 axb6 41. Ra6 Rb8 42. Qa4 Rhb7 43. Qb5 Kg7 44. Qa4 Rf7 45. Ra7 Rbb7 46. Ra8 b5 47. Qa6 Rb6 48. Qc8 Qxc8 49. Rxc8 Ra7 50. Rc1 Ra2+ 51. Rc2 Ra1 52. Rc1 Rba6 53. Rc7+ Kf8 54. Rc6 R6a2+ 55. Kd1 Rxc1+ 56. Kxc1 Rxf2 57. Rxh6 Rg2 58. Rh1 Rxg3 59. Kd2 Rxg4 60. Ke1 Rg2 61. Rh6 Kf7 62. Rh7+ Ke6 63. Rh6+ Kf5 64. Rd6 Re2+ 65. Kf1 Rxe3 66. Rxd5+ Kf4 67. Rxb5 Rxc3 68. Ra5 Rc1+ 69. Kf2 e3# 0-1

[Event "Berlin Lichtenberger op 7th"]
[Site "Berlin"]
[Date "2008.08.22"]
[Round "7"]
[White "Prix, Siegfried"]
[Black "Mako, Atila"]
[Result "1-0"]
[WhiteElo "1761"]
[BlackElo "1794"]
[PlyCount "73"]
[EventDate "2008.08.16"]
[EventType "swiss"]
[EventRounds "9"]
[EventCountry "GER"]
[SourceTitle "CBM 126 Extra"]
[Source "ChessBase"]
[SourceDate "2008.11.05"]
[SourceVersion "1"]
[SourceVersionDate "2008.11.05"]
[SourceQuality "1"]

1. e4 e5 2. Nf3 d6 3. d4 g6 4. dxe5 Bg4 5. exd6 Bxd6 6. Nc3 Ne7 7. Bc4 Qd7 8. 0-0 Nbc6 9. Bg5 0-0-0 10. Nd5 Ne5 11. Nxe5 Bxd1 12. Nxd7 Rxd7 13. Raxd1 Nxd5 14. Bxd5 Kb8 15. g3 Be5 16. c3 f6 17. Be3 a5 18. Bb3 Rg7 19. f4 Bd6 20. Bd4 Rf8 21. e5 fxe5 22. fxe5 Rxf1+ 23. Rxf1 Be7 24. e6 Rg8 25. Rf7 Bd6 26. Rxh7 Re8 27. Rh8 Rxh8 28. Bxh8 Be7 29. Be5 Kc8 30. Kf2 g5 31. Kf3 c5 32. a4 b6 33. Bd5 Kd8 34. Bc6 c4 35. Ke4 g4 36. Kf5 b5 37. Bxb5 1-0

[Event "Berlin Eckbauer op 10th"]
[Site "Berlin"]
[Date "2007.09.25"]
[Round "2"]
[White "Mako, Atila"]
[Black "Prix, Siegfried"]
[Result "1-0"]
[WhiteElo "1615"]
[BlackElo "1761"]
[PlyCount "37"]
[EventDate "2007.08.18"]
[EventType "swiss"]
[EventRounds "7"]
[EventCountry "GER"]
[SourceTitle "EXT 2022"]
[Source "ChessBase"]
[SourceDate "2021.10.06"]
[SourceVersion "1"]
[SourceVersionDate "2021.10.06"]
[SourceQuality "1"]

1. d4 d5 2. Bf4 Nf6 3. h3 c5 4. e3 Nc6 5. Nc3 a6 6. Nf3 Qa5 7. Nd2 cxd4 8. Nb3 Qd8 9. exd4 Bf5 10. a3 e6 11. Bd3 Bxd3 12. Qxd3 Nh5 13. Bh2 g6 14. Nc5 Qe7 15. 0-0 Bg7 16. Nxd5 exd5 17. Rfe1 Ne5 18. Bxe5 Bxe5 19. Rxe5 1-0

[Event "Berlin Eckbauer op 10th"]
[Site "Berlin"]
[Date "2007.09.18"]
[Round "1"]
[White "Pluemer, Detlef"]
[Black "Mako, Atila"]
[Result "1-0"]
[WhiteElo "2212"]
[BlackElo "1615"]
[PlyCount "99"]
[EventDate "2007.08.18"]
[EventType "swiss"]
[EventRounds "7"]
[EventCountry "GER"]
[SourceTitle "EXT 2022"]
[Source "ChessBase"]
[SourceDate "2021.10.06"]
[SourceVersion "1"]
[SourceVersionDate "2021.10.06"]
[SourceQuality "1"]

1. d4 d5 2. c4 e6 3. Nc3 c6 4. e3 Nf6 5. Nf3 Bd6 6. Ne5 Nbd7 7. f4 a6 8. c5 Bc7 9. Bd3 Ba5 10. Qf3 Bxc3+ 11. bxc3 Nxe5 12. fxe5 Nd7 13. 0-0 0-0 14. e4 f6 15. exd5 cxd5 16. Qh3 f5 17. g4 g6 18. Bh6 Rf7 19. gxf5 gxf5 20. Bxf5 Nxe5 21. Qg3+ Kh8 22. Qxe5+ Qf6 23. Bh3 Qxe5 24. dxe5 Rxf1+ 25. Rxf1 Bd7 26. Rf7 Rg8+ 27. Kf2 Bc8 28. Kf3 Rg6 29. Rf8+ Rg8 30. Kf4 Rxf8+ 31. Bxf8 Kg8 32. Bh6 Bd7 33. Kg5 Kf7 34. Bg4 Bb5 35. h4 Bd3 36. Bh5+ Ke7 37. Bg7 Bb1 38. a3 Bd3 39. Bd1 Kf7 40. Bf6 Be4 41. Ba4 Bd3 42. Bd7 Be4 43. Kh6 Bd3 44. Bc8 d4 45. cxd4 Be4 46. Bd7 Bf5 47. d5 a5 48. c6 exd5 49. Bxf5 bxc6 50. Bd7 1-0

[Event "Berlin SF Neukoelln op 3rd"]
[Site "Berlin"]
[Date "2004.03.12"]
[Round "6"]
[White "Mako, Atila"]
[Black "Bindewald, Hans"]
[Result "1/2-1/2"]
[WhiteElo "1457"]
[BlackElo "1764"]
[PlyCount "98"]
[EventDate "2004.02.07"]
[EventType "swiss"]
[EventRounds "7"]
[EventCountry "GER"]
[SourceTitle "EXT 2022"]
[Source "ChessBase"]
[SourceDate "2021.10.06"]
[SourceVersion "1"]
[SourceVersionDate "2021.10.06"]
[SourceQuality "1"]

1. d4 f5 2. Bf4 d5 3. Nf3 Nf6 4. h3 e6 5. Nbd2 c5 6. e3 Nc6 7. c3 Bd7 8. Bd3 c4 9. Bc2 Be7 10. Ne5 0-0 11. Nxd7 Nxd7 12. Nf3 Qe8 13. Qd2 b5 14. b3 Nb6 15. 0-0 b4 16. a3 bxc3 17. Qxc3 Rc8 18. b4 Bf6 19. b5 Ne7 20. a4 Ng6 21. Bd6 Be7 22. Be5 Nd7 23. Bh2 Nf6 24. Ne5 Nxe5 25. Bxe5 Ne4 26. Qe1 Bh4 27. Bxe4 fxe4 28. Qa5 Qf7 29. Bg3 Bd8 30. Qc3 Qh5 31. Ra2 Bc7 32. Bxc7 Rxc7 33. a5 Rb8 34. Rb1 Rcb7 35. Rab2 Qe8 36. b6 axb6 37. a6 Ra7 38. Rxb6 Rxb6 39. Rxb6 Qa4 40. Rb8+ Kf7 41. Rb7+ Rxb7 42. axb7 Qb5 43. Kf1 Qxb7 44. Ke2 Qb1 45. Qa5 Qd3+ 46. Ke1 c3 47. Qc7+ Kg6 48. Qg3+ Kf7 49. Qf4+ Ke7 1/2-1/2

[Event "Berlin SF Neukoelln op 3rd"]
[Site "Berlin"]
[Date "2004.03.05"]
[Round "5"]
[White "Wenkheimer, Rolf"]
[Black "Mako, Atila"]
[Result "1/2-1/2"]
[WhiteElo "1655"]
[BlackElo "1457"]
[PlyCount "115"]
[EventDate "2004.02.07"]
[EventType "swiss"]
[EventRounds "7"]
[EventCountry "GER"]
[SourceTitle "EXT 2022"]
[Source "ChessBase"]
[SourceDate "2021.10.06"]
[SourceVersion "1"]
[SourceVersionDate "2021.10.06"]
[SourceQuality "1"]

1. e4 e5 2. Nf3 d6 3. d4 exd4 4. Nxd4 Nf6 5. Nc3 g6 6. Bc4 Bg7 7. Bg5 0-0 8. Qd2 Nbd7 9. 0-0-0 Nc5 10. Nb3 Ncxe4 11. Nxe4 Nxe4 12. Bxd8 Nxd2 13. Nxd2 Rxd8 14. f4 d5 15. Nf3 c6 16. Bd3 Bg4 17. Rhf1 Re8 18. h3 Bd7 19. Rfe1 Bh6 20. Rxe8+ Rxe8 21. g3 Bxh3 22. Ne5 Bg2 23. Ng4 Bg7 24. Rg1 Be4 25. Kd2 Re7 26. c3 f5 27. Nf2 h5 28. Be2 a6 29. b3 b5 30. Rc1 Bf6 31. a3 Kf7 32. b4 Ke6 33. Nd3 Bxd3 34. Kxd3 Rc7 35. Bd1 g5 36. Bxh5 gxf4 37. Re1+ Kd6 38. gxf4 c5 39. Bg6 cxb4 40. Bxf5 Rxc3+ 41. Kd2 Rc6 42. Re6+ Kc5 43. Rxc6+ Kxc6 44. axb4 d4 45. Be4+ Kb6 46. Kc2 Be7 47. Kb3 Bd6 48. f5 Be5 49. Bd3 a5 50. bxa5+ Kxa5 51. Be4 Kb6 52. Bd3 Kc5 53. Be4 Bf6 54. Bd3 b4 55. Be4 Be7 56. Bd3 Kd5 57. Bc2 Ke5 58. Kc4 1/2-1/2